Marki samochodów na literę D - Statystyki

Ogólne statystyki
  • Ten quiz został rozwiązany 26 razy
  • Średni wynik to 4 z 29
Statystyki odpowiedzi
Kraj Marka % Poprawnych
Rumunia Dacia
100%
USA Dodge
82%
Korea Południowa Daewoo
55%
Japonia Daihatsu
45%
Wielka Brytania Daimler
27%
Francja DS
27%
Holandia DAF
23%
USA DeLorean
9%
Japonia Datsun
5%
Francja De Dion-Bouton
5%
Francja Delage
5%
Francja Delahaye
5%
Włochy De Tomaso
5%
USA Duesenberg
5%
Chiny Dadi
0%
Francja Dangel
0%
Łotwa Dartz
0%
Chiny Dearcc
0%
Francja De Dietrich
0%
Francja De La Chapelle
0%
Francja Delaunay-Belleville
0%
Chiny Denza
0%
Francja Deutsch-Bonnet
0%
Korea Południowa Dong-A
0%
Chiny Dongfeng
0%
Chiny Dorcen
0%
USA Drako
0%
Wielka Brytania Dutton
0%
Kanada Dynasty
0%
Nie znaleziono quizów pasujących do podanych kryteriów
Rozkład punktacji
Procent ludzi z każdym wynikiem
Percentyl według liczby udzielonych odpowiedzi
Twoja historia wyników
Nie rozwiązałeś tego quizu